| 000 | 00601nam a2200181Ia 4500 | ||
|---|---|---|---|
| 003 | GCL | ||
| 008 | 140319s9999 xx 000 0 ara d | ||
| 040 |
_aGCL / _cGCL |
||
| 082 | 0 | 4 |
_a659.2 _bح ع |
| 100 | 1 | _aحسن محمد خير الدين | |
| 245 | 1 | 0 |
_aالعلاقات العامة المبادئ والتطبيق / _cحسن محمد خير الدين |
| 260 |
_aالقاهرة : _bمكتبة عين شمس ، _c1960 |
||
| 300 |
_a220 ص ؛ _c24 سم |
||
| 650 | 0 | 4 | _aالعلاقات العامة |
| 650 | 0 | 4 | _aالرأى العام |
| 650 | 0 | 4 | _aوسائل الاتصال |
| 942 |
_2ddc _cBK |
||
| 999 |
_c3059 _d3059 |
||